Yüklüyor......
Don Quixote An introductory essay in psychology rev ed /
| Yazar: | |
|---|---|
| Dil: | Undetermined |
| Baskı/Yayın Bilgisi: |
1996.
|
| LEADER | 00426nam a2200121Ia 4500 | ||
|---|---|---|---|
| 001 | 47432 | ||
| 008 | 170722s9999 xx 000 0 und d | ||
| 100 | |a De Madariaga, Salvador | ||
| 245 | |a Don Quixote |b An introductory essay in psychology rev ed / | ||
| 260 | |c 1996. | ||
| 942 | |c GEN | ||
| 999 | |c 73690 |d 73690 | ||
| 952 | |0 0 |1 0 |4 0 |6 O_1233J47DG_K1 |7 0 |9 104496 |a LIB |b LIB |d 2017-08-12 |l 1 |o O1`23,3J47,D:g -K1 |p 124458 |r 2019-04-11 |s 2019-02-23 |w 2017-08-12 |y GEN | ||